Wird geladen...

Tolstoy kathakal (m)

Bibliographische Detailangaben
1. Verfasser: Tolstoy, Leo
Format: Printed Book
Veröffentlicht: TVPM Prabhath Book House 2000
Schlagworte:
LEADER 00386nam a2200157 4500
082
100 |a Tolstoy, Leo 
245 |a Tolstoy kathakal (m) 
250
260 |a TVPM  |b Prabhath Book House  |c 2000 
300
490
650 |a Russian short stories 
942 |c BK 
999 |c 232015  |d 232015 
952 |0 0  |1 0  |4 0  |7 0  |9 246148  |a SDE  |b SDE  |d 2019-12-12  |l 0  |p SDE11435  |r 2019-12-12  |w 2019-12-12  |y BK